[Event "Jesenik op-B"]
[Site "Jesenik"]
[Date "2023.08.19"]
[Round "1"]
[White "Skocik, Marek"]
[Black "Zboril, Radomir"]
[Result "1-0"]
[WhiteElo "1911"]
[BlackElo "1509"]
[PlyCount "47"]
[EventDate "2023.08.19"]
[EventType "swiss"]
[EventRounds "9"]
[EventCountry "CZE"]
[SourceTitle "EXT 2024"]
[Source "ChessBase"]
[SourceDate "2023.10.10"]
[SourceVersion "1"]
[SourceVersionDate "2023.10.10"]
[SourceQuality "1"]

1. e4 e5 2. Nc3 Nf6 3. f4 d5 4. fxe5 Nxe4 5. Nf3 Bg4 6. Qe2 Nxc3 7. dxc3 Nd7 8. Bf4 Bc5 9. 0-0-0 c6 10. h3 Be6 11. Ng5 Qb6 12. Qd3 g6 13. g4 0-0 14. Be2 Nxe5 15. Qg3 Nc4 16. Bxc4 dxc4 17. Rhf1 Kg7 18. Be5+ Kg8 19. Nxh7 Be3+ 20. Kb1 Kxh7 21. Qh4+ Bh6 22. g5 f5 23. Qxh6+ Kg8 24. Qg7# 1-0

[Event "South Moravia Region-chT 2223"]
[Site "Czech Republic"]
[Date "2023.04.02"]
[Round "11.6"]
[White "Sevcik, Milan"]
[Black "Skocik, Marek"]
[Result "1/2-1/2"]
[WhiteElo "1864"]
[BlackElo "1879"]
[PlyCount "44"]
[EventDate "2022.10.09"]
[EventType "team-tourn"]
[EventRounds "11"]
[EventCountry "CZE"]
[SourceTitle "EXT 2024"]
[Source "ChessBase"]
[SourceDate "2023.10.10"]
[SourceVersion "1"]
[SourceVersionDate "2023.10.10"]
[SourceQuality "1"]

1. e4 c5 2. Bc4 e6 3. c3 d5 4. exd5 exd5 5. Bb5+ Bd7 6. Bxd7+ Qxd7 7. d4 Nc6 8. Be3 cxd4 9. Bxd4 Nxd4 10. Qxd4 Qe6+ 11. Ne2 Nf6 12. Nd2 Bd6 13. Qa4+ Qd7 14. Qxd7+ Kxd7 15. 0-0 Rhe8 16. Nd4 a6 17. Rfe1 g6 18. h3 b5 19. a3 Rad8 20. Kf1 Ne4 21. N4f3 Bc5 22. Nxe4 dxe4 1/2-1/2

[Event "South Moravia Region-chT 2223"]
[Site "Czech Republic"]
[Date "2023.02.26"]
[Round "9.6"]
[White "Krena, Bohuslav"]
[Black "Skocik, Marek"]
[Result "0-1"]
[WhiteElo "1887"]
[BlackElo "1879"]
[PlyCount "82"]
[EventDate "2022.10.09"]
[EventType "team-tourn"]
[EventRounds "11"]
[EventCountry "CZE"]
[SourceTitle "EXT 2024"]
[Source "ChessBase"]
[SourceDate "2023.10.10"]
[SourceVersion "1"]
[SourceVersionDate "2023.10.10"]
[SourceQuality "1"]

1. c4 e5 2. Nc3 Nf6 3. g3 g6 4. Bg2 Bg7 5. Nf3 Nc6 6. 0-0 d6 7. d3 0-0 8. Bd2 Bd7 9. Rb1 Qc8 10. Re1 a5 11. a3 Ne7 12. b4 axb4 13. axb4 c6 14. Qb3 Bh3 15. Bh1 Qc7 16. b5 Rfb8 17. b6 Qd8 18. Ng5 Bg4 19. c5 d5 20. e4 h6 21. Nxf7 Kxf7 22. exd5 Nfxd5 23. Ne4 Be6 24. Nd6+ Kg8 25. Nc4 Nf5 26. Nxe5 Nf4 27. Qd1 Nh3+ 28. Kg2 Ra2 29. Nxc6 Qd5+ 30. Kxh3 Ne3+ 31. g4 Qh5+ 32. Kg3 Bxg4 33. Qb3+ Kh7 34. Rxe3 Rf8 35. Bg2 Rxd2 36. Rf1 bxc6 37. Re7 Kh8 38. Rxg7 Qe5+ 39. f4 Qe3+ 40. Kh4 Rxg2 41. Rxg6 Qh3# 0-1

[Event "South Moravia Region-chT 2223"]
[Site "Czech Republic"]
[Date "2023.01.29"]
[Round "7.6"]
[White "Hejny, Jaroslav"]
[Black "Skocik, Marek"]
[Result "1/2-1/2"]
[WhiteElo "2004"]
[BlackElo "1879"]
[PlyCount "63"]
[EventDate "2022.10.09"]
[EventType "team-tourn"]
[EventRounds "11"]
[EventCountry "CZE"]
[SourceTitle "EXT 2024"]
[Source "ChessBase"]
[SourceDate "2023.10.10"]
[SourceVersion "1"]
[SourceVersionDate "2023.10.10"]
[SourceQuality "1"]

1. e4 c5 2. c3 d5 3. exd5 Qxd5 4. d4 Nc6 5. Nf3 Bg4 6. Be2 e6 7. 0-0 Nf6 8. Be3 cxd4 9. cxd4 Be7 10. Nc3 Qd6 11. h3 Bh5 12. Qb3 Qb4 13. Qc2 0-0 14. Rfd1 Rfd8 15. a3 Qd6 16. Nb5 Qb8 17. Nc3 a6 18. Rac1 Nd5 19. Nxd5 Rxd5 20. Ne5 Bxe2 21. Qxe2 Nxe5 22. Bf4 Nf3+ 23. Qxf3 Bd6 24. Be3 Qd8 25. Qe4 h6 26. Rc2 Qd7 27. g3 Rd8 28. Rdc1 Bb8 29. Qg4 Kh8 30. Qf3 e5 31. dxe5 Qxh3 32. Rc8 1/2-1/2

[Event "South Moravia Region-chT 2223"]
[Site "Czech Republic"]
[Date "2022.11.27"]
[Round "4.6"]
[White "Skocik, Marek"]
[Black "Dumkova, Daniela"]
[Result "1-0"]
[WhiteElo "1879"]
[BlackElo "1902"]
[PlyCount "73"]
[EventDate "2022.10.09"]
[EventType "team-tourn"]
[EventRounds "11"]
[EventCountry "CZE"]
[SourceTitle "EXT 2024"]
[Source "ChessBase"]
[SourceDate "2023.10.10"]
[SourceVersion "1"]
[SourceVersionDate "2023.10.10"]
[SourceQuality "1"]

1. d4 Nf6 2. Nf3 e6 3. Bf4 c5 4. e3 Nh5 5. Bg5 Qa5+ 6. c3 cxd4 7. exd4 h6 8. Be3 Be7 9. Nbd2 Qc7 10. Ne5 Nf6 11. f4 d6 12. Nd3 b6 13. Be2 Bb7 14. Bf3 Nbd7 15. 0-0 Rc8 16. a4 Nd5 17. Re1 Nxe3 18. Rxe3 Nf6 19. f5 exf5 20. Qe2 d5 21. c4 Ne4 22. cxd5 Bg5 23. Rc1 Bxe3+ 24. Qxe3 Qe7 25. Rxc8+ Bxc8 26. Bxe4 fxe4 27. Nxe4 Kd8 28. Ne5 Bd7 29. d6 Qe6 30. Qc3 f6 31. Qc7+ Ke8 32. Qb8+ Bc8 33. d7+ Ke7 34. dxc8Q Rxc8 35. Qb7+ Ke8 36. Qxc8+ Qxc8 37. Nd6+ 1-0

[Event "South Moravia Region-chT 2223"]
[Site "Czech Republic"]
[Date "2022.11.13"]
[Round "3.6"]
[White "Dvoracek, Filip"]
[Black "Skocik, Marek"]
[Result "1/2-1/2"]
[WhiteElo "1844"]
[BlackElo "1879"]
[PlyCount "56"]
[EventDate "2022.10.09"]
[EventType "team-tourn"]
[EventRounds "11"]
[EventCountry "CZE"]
[SourceTitle "EXT 2024"]
[Source "ChessBase"]
[SourceDate "2023.10.10"]
[SourceVersion "1"]
[SourceVersionDate "2023.10.10"]
[SourceQuality "1"]

1. e4 c5 2. Nc3 e6 3. g3 d5 4. exd5 exd5 5. Bg2 Nf6 6. Nge2 d4 7. Ne4 Nxe4 8. Bxe4 Bd6 9. 0-0 0-0 10. d3 Nc6 11. Bf4 Bg4 12. Bxd6 Qxd6 13. Qd2 f5 14. Bg2 Ne5 15. f3 Bh5 16. Rae1 Rae8 17. Nf4 Bf7 18. b3 b6 19. Bh3 Qf6 20. Bg2 h6 21. Re2 g5 22. Nh3 g4 23. Nf4 Nxf3+ 24. Bxf3 gxf3 25. Rxf3 Rxe2 26. Qxe2 Re8 27. Qd2 Re5 28. Rf2 Qe7 1/2-1/2

[Event "CZE-chT2E 1920"]
[Site "Czech Republic"]
[Date "2020.06.28"]
[Round "11.8"]
[White "Skocik, Marek"]
[Black "Petrik, Petr"]
[Result "1-0"]
[WhiteElo "1900"]
[BlackElo "2050"]
[PlyCount "117"]
[EventDate "2019.10.13"]
[EventType "team-tourn"]
[EventRounds "11"]
[EventCountry "CZE"]
[SourceTitle "EXT 2024"]
[Source "ChessBase"]
[SourceDate "2023.10.10"]
[SourceVersion "1"]
[SourceVersionDate "2023.10.10"]
[SourceQuality "1"]
[WhiteTeam "Prusanky Podluzan"]
[BlackTeam "Kromeriz Slavia II"]
[WhiteTeamCountry "CZE"]
[BlackTeamCountry "CZE"]

1. d4 Nf6 2. Bf4 d5 3. e3 e6 4. Nf3 Bd6 5. Bg3 0-0 6. Nbd2 b6 7. c3 c5 8. Bd3 Ba6 9. Bxa6 Nxa6 10. Qe2 Bxg3 11. hxg3 Nc7 12. Ne5 Nce8 13. g4 Nd7 14. Nxd7 Qxd7 15. g5 f6 16. Rxh7 Kxh7 17. Qh5+ Kg8 18. g6 Rf7 19. Nf3 Nd6 20. Qh7+ Kf8 21. Nh4 Ke8 22. gxf7+ Qxf7 23. Qh8+ Qf8 24. Qh5+ Kd7 25. Ng6 Qe8 26. dxc5 bxc5 27. Qg4 Kc7 28. Nf4 Nf5 29. 0-0-0 Qd7 30. e4 g5 31. Nxd5+ exd5 32. exf5 Re8 33. Qf3 Re5 34. g4 Kd6 35. c4 d4 36. Qa8 Qc7 37. Rh1 Qe7 38. Kd1 Re2 39. Qb8+ Kc6 40. Qc8+ Kb6 41. Rh3 Re1+ 42. Kc2 Re2+ 43. Kb3 Ka5 44. Qc6 Rxb2+ 45. Kxb2 Qe2+ 46. Ka3 Qxc4 47. Qc7+ Ka6 48. Qb8 d3 49. Qc8+ Kb5 50. Qb7+ Ka5 51. Qxa7+ Kb5 52. Qb7+ Ka5 53. Rh1 Qa4+ 54. Kb2 Qc2+ 55. Ka1 c4 56. Rb1 Qc3+ 57. Qb2 Qxb2+ 58. Kxb2 Kb4 59. a3+ 1-0

[Event "CZE-chT2E 1819"]
[Site "Czech Republic"]
[Date "2019.03.31"]
[Round "11.8"]
[White "Skocik, Marek"]
[Black "Mohapl, Tomas"]
[Result "1-0"]
[WhiteElo "1913"]
[BlackElo "1575"]
[PlyCount "99"]
[EventDate "2018.10.14"]
[EventType "team-tourn"]
[EventRounds "11"]
[EventCountry "CZE"]
[SourceTitle "EXT 2022"]
[Source "ChessBase"]
[SourceDate "2021.10.06"]
[SourceVersion "1"]
[SourceVersionDate "2021.10.06"]
[SourceQuality "1"]
[WhiteTeam "Prusanky Podluzan"]
[BlackTeam "Prostejov"]
[WhiteTeamCountry "CZE"]
[BlackTeamCountry "CZE"]

1. d4 d5 2. Bf4 Nf6 3. e3 Bf5 4. c4 e6 5. Qb3 Qc8 6. Nc3 dxc4 7. Bxc4 Bd6 8. Bxd6 cxd6 9. Nb5 Qd7 10. Qa3 0-0 11. Qxd6 Rc8 12. Qxd7 Nbxd7 13. Bb3 a5 14. Nd6 Rc7 15. Nxf5 exf5 16. a4 Rac8 17. Ne2 Nb8 18. 0-0 Na6 19. Rac1 Nb4 20. Rxc7 Rxc7 21. Rc1 Rxc1+ 22. Nxc1 Kf8 23. Kf1 Ke7 24. Ke2 Ne4 25. f3 Nd6 26. Nd3 Nxd3 27. Kxd3 f6 28. e4 fxe4+ 29. fxe4 Nc8 30. e5 fxe5 31. dxe5 Na7 32. Bg8 h6 33. Bc4 g6 34. Ke4 Kd7 35. Bf7 g5 36. Kf5 b5 37. axb5 Nxb5 38. Kf6 Nc7 39. g4 a4 40. Bc4 Kc6 41. Bf7 Kd7 42. Kg6 Na6 43. Kxh6 Nc5 44. Kxg5 Ke7 45. Bc4 Ne4+ 46. Kf5 Nf2 47. Bb5 Nd1 48. g5 Kf8 49. Kf6 Ne3 50. Bc6 1-0

[Event "CZE-chT2E 1718"]
[Site "Czech Republic"]
[Date "2017.12.17"]
[Round "5.7"]
[White "Skocik, Marek"]
[Black "Mrkus, Frantisek"]
[Result "0-1"]
[WhiteElo "1875"]
[BlackElo "2000"]
[PlyCount "126"]
[EventDate "2017.10.15"]
[EventType "team-tourn"]
[EventRounds "11"]
[EventCountry "CZE"]
[SourceTitle "EXT 2022"]
[Source "ChessBase"]
[SourceDate "2021.10.06"]
[SourceVersion "1"]
[SourceVersionDate "2021.10.06"]
[SourceQuality "1"]
[WhiteTeam "Prusanky Podluzan"]
[BlackTeam "Stare Mesto II"]
[WhiteTeamCountry "CZE"]
[BlackTeamCountry "CZE"]

1. d4 d5 2. Bf4 c5 3. e3 Nc6 4. c3 Qb6 5. Qb3 c4 6. Qxb6 axb6 7. e4 e6 8. Nd2 b5 9. g3 Nf6 10. Bg2 b4 11. Ne2 bxc3 12. bxc3 Ba3 13. Rb1 0-0 14. 0-0 Rd8 15. Bg5 Be7 16. Bxf6 Bxf6 17. Rb2 Ne7 18. e5 Bg5 19. f4 Bh6 20. Rfb1 g5 21. fxg5 Bxg5 22. Kf2 Nf5 23. Bh3 Ng7 24. Nf4 Rd7 25. Nf3 Be7 26. Ke2 Rc7 27. Bg4 Ra7 28. Ne1 Bd7 29. Nc2 b5 30. Kd2 Ra5 31. Ne2 Rca7 32. Ra1 h6 33. Nc1 Bg5+ 34. Kd1 Be7 35. Nb4 Ra3 36. Kc2 Ne8 37. h4 Nc7 38. Kd2 Na6 39. Nc2 Ra4 40. Bd1 Ra5 41. a3 Nb8 42. Rba2 Nc6 43. Nb4 f6 44. exf6 Bxf6 45. Bf3 Be7 46. Ke3 Kg7 47. Nc2 Bd6 48. Kf2 Be8 49. Ne2 b4 50. cxb4 Nxb4 51. Nxb4 Bxb4 52. Nf4 Bf7 53. Bg4 Bc3 54. Rd1 Bxd4+ 55. Rxd4 e5 56. Ne2 exd4 57. Nxd4 Rxa3 58. Re2 Ra2 59. Nf5+ Kg6 60. Rxa2 Rxa2+ 61. Ke3 h5 62. Bh3 Be6 63. Ne7+ Kf6 0-1

[Event "CZE-chT2E 1718"]
[Site "Czech Republic"]
[Date "2017.12.03"]
[Round "4.7"]
[White "Sladek, Vladislav"]
[Black "Skocik, Marek"]
[Result "1/2-1/2"]
[WhiteElo "1922"]
[BlackElo "1875"]
[PlyCount "48"]
[EventDate "2017.10.15"]
[EventType "team-tourn"]
[EventRounds "11"]
[EventCountry "CZE"]
[SourceTitle "EXT 2022"]
[Source "ChessBase"]
[SourceDate "2021.10.06"]
[SourceVersion "1"]
[SourceVersionDate "2021.10.06"]
[SourceQuality "1"]
[WhiteTeam "Kurim"]
[BlackTeam "Prusanky Podluzan"]
[WhiteTeamCountry "CZE"]
[BlackTeamCountry "CZE"]

1. e4 c5 2. Nf3 e6 3. d4 cxd4 4. c3 d5 5. exd5 exd5 6. Nxd4 Nf6 7. Bg5 Be7 8. Nd2 0-0 9. Be2 Nc6 10. N2f3 Re8 11. 0-0 h6 12. Bh4 Ne4 13. Bxe7 Rxe7 14. Re1 Bg4 15. h3 Bxf3 16. Bxf3 Qb6 17. Bxe4 Rxe4 18. Rxe4 dxe4 19. Nxc6 bxc6 20. Qe2 Re8 21. Re1 Qc5 22. Qe3 Qa5 23. a3 f5 24. Rd1 Re7 1/2-1/2